000 01034nam a22002297a 4500
001 8664
003 FISKH
005 20251009100143.0
008 251009b cb ||||| |||| 00| 0 eng d
020 _a9789810187347
040 _aFISKH
_beng
_cFISKH
_dFISKH
082 _a507.12
100 _aFong, Joan
245 _aLower secondary Science matters volume A /
_cJoan Fong, Lam Peng Kwan, Eric Lam, Christine Lee, Loo Poh Lim
250 _aThis edition published in 2012.
260 _aSDH BHD,
_bMarshall Cavendish,
_c2008.
300 _a248 pages :
_bcolor illustrations ;
_c28 cm
520 _aLower Secondary Science Matters Volume A introduces key scientific concepts through engaging explanations, hands-on investigations, and real-world applications. Designed for lower secondary students, it helps develop inquiry skills, critical thinking, and a strong foundation in biology, chemistry, and physics.
650 _aScience
_vStudy and teaching
_xExperiments
_yScience Education
942 _2ddc
_cBK
_n0
999 _c8664
_d8664